|
|
|
|
| LEADER |
00683cam a2200181 7i4500 |
| 001 |
0000002565 |
| 005 |
19991025090000.0 |
| 002 |
##000003786 |
| 020 |
0 |
0 |
|a 0-07-005092-9
|
| 090 |
0 |
0 |
|a B 658.45
|b BAK
|
| 100 |
1 |
0 |
|a Baker
|
| 245 |
1 |
0 |
|a Networking smart :
|b how to build relationship for personal and organizational success..
|
| 260 |
0 |
0 |
|a New York:
|b McGraw-Hill,
|c 1994..
|
| 300 |
0 |
0 |
|a 374p..
|
| 500 |
0 |
0 |
|a This book provides information and practical techniques in order to create a powerful networks both inside and outside of your own company.
|
| 650 |
0 |
0 |
|a Communication in organizations.
|
| 650 |
0 |
0 |
|a Information networks.
|
| 999 |
|
|
|a 0000004310
|b Book
|c Open shelf
|e Business Information Centre
|